| 000 | 01617nam a22004217a 4500 | ||
|---|---|---|---|
| 003 | CHAP | ||
| 005 | 20220329143225.0 | ||
| 008 | 070423d2007 mx b r 00110 spa d | ||
| 010 | _a93528 | ||
| 011 | _a94500 | ||
| 035 | _a105091 | ||
| 040 | _cCHAP | ||
| 090 | _aTesis | ||
| 100 | 1 |
_aPérez Méndez, María Elba. _989855 |
|
| 245 | 1 | 0 |
_aEvaluación del programa de fomento productivo y mejoramiento de la calidad del café en el estado de Chiapas _c/por María Elba Pérez Méndez y Marlén Rojo Martínez |
| 260 |
_aChapingo, Méx. : _bEl autor, _c2007. |
||
| 300 |
_a150 h. _bmapas. ; gráfs. ; cuadros. |
||
| 502 | _aTesis (Ing. Agr. Esp. en Fitotecnoa) -- UACH Departamento de Fitotecniad | ||
| 530 | _aTambién disponible en línea | ||
| 590 |
_aALEPH _b10 _c20130110 _lUCH01 _h1518 |
||
| 590 |
_aBATCH-UPD _b10 _c20130110 _lUCH01 _h0335 |
||
| 590 |
_aBATCH-UPD _b10 _c20130410 _lUCH01 _h0008 |
||
| 590 |
_aBATCH-UPD _b10 _c20130914 _lUCH01 _h0812 |
||
| 590 |
_aBATCH-UPD _b10 _c20140324 _lUCH01 _h1502 |
||
| 590 |
_aBATCH-UPD _b10 _c20141002 _lUCH01 _h0833 |
||
| 590 |
_aCONVERSION _b10 _c20130109 _lUCH01 _h1352 |
||
| 650 | 0 | 4 |
_aCafé _xCalidad. _917114 |
| 650 | 0 | 4 |
_aCafé _xChiapas. _917115 |
| 650 | 0 | 4 |
_aCafé _xMejoramiento. _917168 |
| 650 | 0 | 4 |
_aCafé _xProcesado. _917188 |
| 700 | 1 |
_aRojo Martínez, Marlén. _999401 |
|
| 856 |
_3Finding aid _uhttp://10.13.5.2/tesis/105091.pdf _zTeclea aqui |
||
| 901 | _aBK | ||
| 905 | _aLuis Gutiérrez Merin | ||
| 942 | _cFOLL | ||
| 949 |
_aTesis _bBC _cTES _d33724002026488 _eTS2 _fc.2 _h46577 _i105091 _sb |
||
| 949 |
_aTesis _bBC _cTES _d33724002026496 _eTS1 _h46576 _i105091 _sb |
||
| 999 |
_c93528 _d93528 |
||